000 00585 a2200193 4500
001 29720
005 20260407155607.0
008 260407a1967 arg spa d
003 AR-UNSa-BCEJYS
040 _aAR-UNSa-BCEJYS
_bspa
_cAR-UNSa-BCEJYS
080 _a657.3
_xPresupuestos. Cierre de Cuentas. Balances (Estados Contables)
245 1 0 _aAnĂ¡lisis del balance en la empresa argentina
264 1 _aBuenos Aires :
_bPROINVERT
_c1967
300 _a97 p.
_c23 cm.
041 _aspa
942 _cBK
590 _aniveau_biblio:m niveau_hierar:0
100 1 _aSenderovich, Isaac Aizik
999 _c1946
_d1946